00853nam a2200253 a 450000100080000000500110000800800410001910000250006024501100008526001750019530000090037065000110037965000160039065000100040665000210041665300090043765300240044665300240047065300220049465300190051670000250053570000170056070000220057715031092026-04-15 1999 bl uuuu u00u1 u #d1 aPEREIRA, R. de C. A. aAvaliação participativa de linhagens de café com pequenos agricultores no Acre.h[electronic resource] aIn: SIMPOSIO INTERNACIONAL DE CAFE Y CACAO, 1999, Santiago de Cuba. Programas, conferences y resúmenes. Cuba: Estación Central de Investigaciones de Café y Cacaoc1999 a1 p. aCoffea aSmall farms aCafé aPequeno Produtor aAcre aAmazonia Occidental aAmazônia Ocidental aGranjas pequeñas aWestern Amazon1 aNASCIMENTO, G. C. do1 aSALES, F. de1 aAZEVEDO, K. de S.